000 00620nam a2200229Ia 4500
003 OSt
005 20220918214147.0
006 a|||||r|||| 00| 0
007 ta
008 220917b |||||||| |||| 00| 0 eng d
024 _a136,057
037 _cTextual
040 _aARTS
_cARTS
_beng
041 _2eng
_aeng
082 _aX9.792, J7(906)
100 _aFarley Rawle
_9125768
245 0 _aNationalism and industrial development in the British Caribbean
260 _aNA
_bNA
_c1957
650 _aECONOMICS
942 _hX9.792, J7(906)
_cTEXL
_2CC
999 _c259147
_d259147